000
00222 a2200085 4500
020
_a
9780799329834
100
_a
Bergh, Rene
_9
74722
245
_a
Serenade vir n nuwe dag
999
_c
732230
_d
732229
942
_w
2694
_x
Grace Mofokeng
_y
296
_z
Phillipina Naude